000 01626cam a22003974a 4500
001 14357731
003 OSt
005 20180117085949.0
008 060428s2006 ii a b 001 0 eng
010 _a 2006014388
015 _aGBA612764
_2bnb
016 7 _a013375778
_2Uk
020 _a8178296500 (India : pb)
020 _a0761934693 (US : pb)
035 _a(OCoLC)ocm62892071
035 _a(OCoLC)62892071
040 _aDLC
_cDLC
_dUKM
_dBAKER
_dBWKUK
_dYDXCP
_dOCLCQ
_dBTCTA
_dDLC
042 _apcc
043 _aa-ii---
050 0 0 _aP92.I7
_bK64 2006
082 0 0 _a302.23/0954
_222
100 1 _aKohli, Vanita.
245 1 4 _aThe Indian media business /
_cVanita Kohli-Khandekar ; foreword by Peter Mukerjea.
250 _a2nd ed.
260 _aNew Delhi ;
_aThousand Oaks, Calif. ;
_aLondon :
_bResponse Books,
_c2006.
300 _a264 p. :
_bill. ;
_c24 cm.
504 _aIncludes bibliographical references (p. [248]-252) and index.
505 0 _aPress -- Television -- Film -- Music -- Radio -- Telecommunications -- Internet.
650 0 _aMass media
_zIndia.
856 4 2 _3Publisher description
_uhttp://www.loc.gov/catdir/enhancements/fy0658/2006014388-d.html
856 4 1 _3Table of contents
_uhttp://www.loc.gov/catdir/enhancements/fy0660/2006014388-t.html
906 _a7
_bcbc
_corignew
_d1
_eecip
_f20
_gy-gencatlg
942 _2ddc
_cBK
999 _c2806
_d2806